[Event "Greek Team Championship"]
[Site "chess24.com"]
[Date "2017.07.04"]
[Round "3"]
[White "Koutsidi, Amalia"]
[Black "Kouta, Antonia"]
[Result "1-0"]
[Board "6"]
[WhiteElo "1772"]
[WhiteCountry "GRE"]
[WhiteFideId "4244710"]
[WhiteEloChange "8"]
[BlackElo "1719"]
[BlackCountry "GRE"]
[BlackFideId "4277112"]
[BlackEloChange "-8"]

1. e4 {[%clk 1:30:57]} c5 {[%clk 1:30:26]} 2. Nf3 {[%clk 1:31:21]} e6 {[%clk
1:30:50]} 3. d4 {[%clk 1:31:45]} cxd4 {[%clk 1:31:17]} 4. Nxd4 {[%clk 1:32:10]}
a6 {[%clk 1:31:19]} 5. Nc3 {[%clk 1:32:17]} Qc7 {[%clk 1:31:36]} 6. Bd3 {[%clk
1:32:07]} b5 {[%clk 1:26:01]} 7. Be3 {[%clk 1:30:42]} Bb7 {[%clk 1:25:43]} 8. f4
{[%clk 1:28:32]} Nf6 {[%clk 1:24:39]} 9. e5 {[%clk 1:26:09]} Nd5 {[%clk 1:24:23]}
10. Nxd5 {[%clk 1:26:05]} Bxd5 {[%clk 1:24:42]} 11. O-O {[%clk 1:25:21]} h5
{[%clk 1:18:29]} 12. h3 {[%clk 1:17:32]} Nc6 {[%clk 1:04:04]} 13. c3 {[%clk
1:05:17]} Na5 {[%clk 0:56:45]} 14. Bd2 {[%clk 0:51:15]} Bc5 {[%clk 0:48:47]} 15.
b3 {[%clk 0:43:28]} Nc6 {[%clk 0:41:23]} 16. Be3 {[%clk 0:40:04]} Qb6 {[%clk
0:38:10]} 17. Be2 {[%clk 0:31:55]} b4 {[%clk 0:37:53]} 18. Qd3 {[%clk 0:28:58]}
bxc3 {[%clk 0:36:44]} 19. Nc2 {[%clk 0:28:59]} Bxe3+ {[%clk 0:32:52]} 20. Qxe3
{[%clk 0:27:16]} Qxe3+ {[%clk 0:30:42]} 21. Nxe3 {[%clk 0:27:40]} Be4 {[%clk
0:25:10]} 22. Nc4 {[%clk 0:22:47]} Nd4 {[%clk 0:22:05]} 23. Rf2 {[%clk 0:13:52]}
Nf5 {[%clk 0:14:46]} 24. Bf3 {[%clk 0:12:03]} Bxf3 {[%clk 0:14:53]} 25. Rxf3
{[%clk 0:12:25]} Nd4 {[%clk 0:10:13]} 26. Rf2 {[%clk 0:09:50]} Ke7 {[%clk
0:07:45]} 27. Rc1 {[%clk 0:07:17]} c2 {[%clk 0:03:39]} 28. Rd2 {[%clk 0:07:16]}
Nc6 {[%clk 0:03:54]} 29. Rcxc2 {[%clk 0:06:38]} Nb4 {[%clk 0:03:50]} 30. Rc1
{[%clk 0:06:00]} Rac8 {[%clk 0:02:52]} 31. Rxd7+ {[%clk 0:04:03]} Kxd7 {[%clk
0:02:05]} 32. Nb6+ {[%clk 0:04:27]} Ke7 {[%clk 0:02:24]} 33. Nxc8+ {[%clk
0:04:00]} Kd8 {[%clk 0:00:59]} 34. Nd6 {[%clk 0:04:14]} Rf8 {[%clk 0:00:59]} 35.
Rc8+ {[%clk 0:03:49]} Ke7 {[%clk 0:01:23]} 36. Rxf8 {[%clk 0:02:14]} Kxf8 {[%clk
0:01:49]} 37. a3 {[%clk 0:02:24]} Nd5 {[%clk 0:00:45]} 38. g3 {[%clk 0:02:39]}
Ke7 {[%clk 0:00:52]} 39. Kf2 {[%clk 0:01:41]} Nc3 {[%clk 0:00:47]} 40. Ke3 {[%clk
0:31:15]} Nd1+ {[%clk 0:30:32]} 41. Kd2 {[%clk 0:30:26]} Nf2 {[%clk 0:30:32]} 42.
h4 {[%clk 0:29:17]} Nh1 {[%clk 0:22:40]} 43. Ke3 {[%clk 0:20:27]} Nxg3 {[%clk
0:21:55]} 44. Kf2 {[%clk 0:20:40]} Nf5 {[%clk 0:21:27]} 45. Nxf5+ {[%clk
0:21:05]} exf5 {[%clk 0:21:53]} 46. Ke3 {[%clk 0:21:30]} Kd7 {[%clk 0:17:43]} 47.
Kd4 {[%clk 0:21:28]} Kc6 {[%clk 0:15:31]} 48. Kc4 {[%clk 0:20:04]} a5 {[%clk
0:11:56]} 49. b4 {[%clk 0:20:15]} axb4 {[%clk 0:09:06]} 50. axb4 {[%clk 0:16:58]}
Kb6 {[%clk 0:06:25]} 51. b5 {[%clk 0:12:12]} Kb7 {[%clk 0:04:11]} 52. Kc5 {[%clk
0:12:21]} Kc7 {[%clk 0:04:09]} 53. b6+ {[%clk 0:12:16]} Kb7 {[%clk 0:04:22]} 54.
Kb5 {[%clk 0:12:28]} Kb8 {[%clk 0:04:21]} 55. Kc6 {[%clk 0:12:42]} Kc8 {[%clk
0:03:48]} 56. b7+ {[%clk 0:13:02]} Kb8 {[%clk 0:04:13]} 57. Kb6 {[%clk 0:13:16]}
g6 {[%clk 0:04:21]} 58. Kc6 {[%clk 0:13:26]} g5 {[%clk 0:04:36]} 59. e6 {[%clk
0:12:21]} fxe6 {[%clk 0:04:52]} 60. hxg5 {[%clk 0:12:17]} h4 {[%clk 0:05:04]} 61.
g6 {[%clk 0:12:39]} h3 {[%clk 0:05:27]} 62. g7 {[%clk 0:13:03]} h2 {[%clk
0:05:48]} 63. g8Q+ {[%clk 0:13:25]} Ka7 {[%clk 0:06:12]} 64. Qa8# {[%clk
0:13:46]} 1-0

[Event "Greek Team Championship"]
[Site "chess24.com"]
[Date "2017.07.04"]
[Round "3"]
[White "Kouta, Vasiliki"]
[Black "Kyriazi, Smaragda"]
[Result "1/2-1/2"]
[Board "7"]
[WhiteElo "1422"]
[WhiteCountry "GRE"]
[WhiteFideId "4241576"]
[WhiteEloChange "-3"]
[BlackElo "1304"]
[BlackCountry "GRE"]
[BlackFideId "4290364"]
[BlackEloChange "3"]

1. e4 {[%clk 1:30:58]} e6 {[%clk 1:30:53]} 2. d4 {[%clk 1:31:19]} d5 {[%clk
1:31:17]} 3. exd5 {[%clk 1:31:24]} exd5 {[%clk 1:31:41]} 4. Bd3 {[%clk 1:31:41]}
Bd6 {[%clk 1:31:44]} 5. c3 {[%clk 1:30:01]} Ne7 {[%clk 1:30:54]} 6. Qf3 {[%clk
1:14:13]} O-O {[%clk 1:27:08]} 7. Ne2 {[%clk 1:12:45]} c6 {[%clk 1:24:07]} 8. Bf4
{[%clk 1:07:01]} Bxf4 {[%clk 1:17:20]} 9. Nxf4 {[%clk 1:04:48]} Bf5 {[%clk
1:14:48]} 10. Nd2 {[%clk 0:56:46]} Bxd3 {[%clk 1:10:03]} 11. Qxd3 {[%clk
0:57:14]} Nd7 {[%clk 1:05:17]} 12. O-O {[%clk 0:56:58]} Qc7 {[%clk 1:04:06]} 13.
Qg3 {[%clk 0:56:14]} Nf5 {[%clk 1:00:22]} 14. Qg5 {[%clk 0:54:01]} g6 {[%clk
0:56:07]} 15. Nd3 {[%clk 0:51:20]} Rfe8 {[%clk 0:54:13]} 16. Rfe1 {[%clk
0:51:03]} h6 {[%clk 0:50:15]} 17. Qg4 {[%clk 0:49:32]} Nf6 {[%clk 0:49:13]} 18.
Qf3 {[%clk 0:49:23]} Qd6 {[%clk 0:40:47]} 19. Re5 {[%clk 0:35:47]} Nd7 {[%clk
0:37:35]} 20. Rxe8+ {[%clk 0:35:33]} Rxe8 {[%clk 0:37:58]} 21. Re1 {[%clk
0:33:03]} Rxe1+ {[%clk 0:37:38]} 22. Nxe1 {[%clk 0:33:31]} Nf6 {[%clk 0:30:11]}
23. Nd3 {[%clk 0:32:52]} Qe7 {[%clk 0:29:08]} 24. Ne5 {[%clk 0:31:22]} Nd7 {[%clk
0:24:48]} 25. Nxd7 {[%clk 0:28:30]} Qxd7 {[%clk 0:25:12]} 26. Qe2 {[%clk
0:28:29]} Qe7 {[%clk 0:25:10]} 27. Qxe7 {[%clk 0:27:15]} Nxe7 {[%clk 0:25:33]}
28. Nb3 {[%clk 0:26:57]} b6 {[%clk 0:24:25]} 29. Kf1 {[%clk 0:25:17]} Kg7 {[%clk
0:24:11]} 30. Ke2 {[%clk 0:24:57]} Kf6 {[%clk 0:23:15]} 31. Nd2 {[%clk 0:25:00]}
Nf5 {[%clk 0:20:18]} 32. Nf3 {[%clk 0:24:37]} Ne7 {[%clk 0:19:44]} 33. Ne5 {[%clk
0:24:27]} Ke6 {[%clk 0:18:25]} 34. Kd3 {[%clk 0:18:56]} f6 {[%clk 0:15:51]} 35.
Nf3 {[%clk 0:17:39]} Nf5 {[%clk 0:15:43]} 36. b3 {[%clk 0:14:06]} Nd6 {[%clk
0:14:41]} 37. Nd2 {[%clk 0:13:24]} Nf5 {[%clk 0:11:59]} 38. Nf3 {[%clk 0:12:18]}
Nd6 {[%clk 0:11:52]} 39. Nd2 {[%clk 0:11:48]} 1/2-1/2

[Event "Greek Team Championship"]
[Site "chess24.com"]
[Date "2017.07.04"]
[Round "3"]
[White "Karousos-Theodorakis, Nikolaos"]
[Black "Goutis, Panagiotis"]
[Result "1-0"]
[Board "8"]
[WhiteElo "2153"]
[WhiteCountry "GRE"]
[WhiteFideId "4275829"]
[WhiteEloChange "2"]
[BlackElo "1522"]
[BlackCountry "GRE"]
[BlackFideId "25801350"]
[BlackEloChange "-2"]

1. e4 {[%clk 1:30:57]} c5 {[%clk 1:30:57]} 2. Nf3 {[%clk 1:31:24]} d6 {[%clk
1:31:23]} 3. Bb5+ {[%clk 1:31:51]} Bd7 {[%clk 1:31:48]} 4. Bxd7+ {[%clk 1:32:16]}
Nxd7 {[%clk 1:32:13]} 5. c4 {[%clk 1:32:23]} Ngf6 {[%clk 1:32:36]} 6. Nc3 {[%clk
1:32:47]} e6 {[%clk 1:32:50]} 7. O-O {[%clk 1:32:36]} Be7 {[%clk 1:33:13]} 8. d4
{[%clk 1:31:56]} cxd4 {[%clk 1:33:21]} 9. Nxd4 {[%clk 1:31:51]} a6 {[%clk
1:33:39]} 10. Qe2 {[%clk 1:30:08]} Qc7 {[%clk 1:33:06]} 11. Bd2 {[%clk 1:28:43]}
Rc8 {[%clk 1:31:53]} 12. b3 {[%clk 1:28:55]} O-O {[%clk 1:31:58]} 13. Rac1 {[%clk
1:28:25]} Rfe8 {[%clk 1:30:33]} 14. Rfd1 {[%clk 1:26:40]} Qb8 {[%clk 1:24:20]}
15. Be3 {[%clk 1:26:36]} Nc5 {[%clk 1:15:54]} 16. f3 {[%clk 1:25:03]} d5 {[%clk
0:47:40]} 17. exd5 {[%clk 1:12:04]} exd5 {[%clk 0:42:44]} 18. Nxd5 {[%clk
1:05:09]} Nxd5 {[%clk 0:41:04]} 19. cxd5 {[%clk 1:05:08]} Bg5 {[%clk 0:36:16]}
20. f4 {[%clk 0:58:10]} Ne4 {[%clk 0:11:34]} 21. fxg5 {[%clk 0:51:57]} Nc3 {[%clk
0:11:08]} 22. Rxc3 {[%clk 0:45:50]} Rxc3 {[%clk 0:11:23]} 23. Bf4 {[%clk
0:46:15]} Qc8 {[%clk 0:04:42]} 24. Qd2 {[%clk 0:46:08]} Rc5 {[%clk 0:04:02]} 25.
d6 {[%clk 0:39:19]} Rd5 {[%clk 0:03:21]} 26. Qd3 {[%clk 0:39:15]} Qg4 {[%clk
0:02:19]} 27. Qf3 {[%clk 0:38:42]} Qxf3 {[%clk 0:01:48]} 28. gxf3 {[%clk
0:39:10]} h6 {[%clk 0:01:26]} 29. h4 {[%clk 0:38:34]} hxg5 {[%clk 0:01:28]} 30.
hxg5 {[%clk 0:38:58]} g6 {[%clk 0:01:09]} 31. Kf2 {[%clk 0:38:40]} f6 {[%clk
0:01:17]} 32. gxf6 {[%clk 0:38:35]} Kf7 {[%clk 0:01:07]} 33. Rd2 {[%clk 0:33:25]}
Kxf6 {[%clk 0:00:43]} 34. Nc2 {[%clk 0:33:10]} Rxd2+ {[%clk 0:00:57]} 35. Bxd2
{[%clk 0:33:35]} Ke6 {[%clk 0:00:46]} 36. Bf4 {[%clk 0:33:51]} Rc8 {[%clk
0:00:46]} 37. Ne3 {[%clk 0:33:27]} Rc5 {[%clk 0:00:39]} 38. Ke2 {[%clk 0:29:45]}
b5 {[%clk 0:00:47]} 39. Kd3 {[%clk 0:29:45]} Rh5 {[%clk 0:00:39]} 40. Nc2 {[%clk
0:56:23]} Rd5+ {[%clk 0:30:37]} 41. Nd4+ {[%clk 0:56:21]} Kd7 {[%clk 0:29:24]}
42. b4 {[%clk 0:56:30]} a5 {[%clk 0:27:40]} 43. Ke4 {[%clk 0:55:46]} Rh5 {[%clk
0:26:50]} 44. bxa5 {[%clk 0:55:35]} b4 {[%clk 0:26:44]} 45. Be5 {[%clk 0:55:55]}
Rh4+ {[%clk 0:26:08]} 46. Kd5 {[%clk 0:56:05]} Rh3 {[%clk 0:25:14]} 47. a6 {[%clk
0:56:29]} Kc8 {[%clk 0:24:53]} 48. a7 {[%clk 0:56:48]} Kb7 {[%clk 0:24:55]} 49.
d7 {[%clk 0:57:12]} Rh8 {[%clk 0:23:13]} 50. Bxh8 {[%clk 0:57:34]} 1-0

[Event "Greek Team Championship"]
[Site "chess24.com"]
[Date "2017.07.04"]
[Round "3"]
[White "Spyropoulos, Nikolaos"]
[Black "Abelakiotis, Stavros"]
[Result "1-0"]
[Board "9"]
[WhiteElo "2229"]
[WhiteCountry "GRE"]
[WhiteFideId "4298977"]
[WhiteEloChange "2"]
[BlackElo "1861"]
[BlackCountry "GRE"]
[BlackFideId "4292650"]
[BlackEloChange "-2"]

1. e4 {[%clk 1:30:30]} c6 {[%clk 1:30:20]} 2. d4 {[%clk 1:30:47]} d5 {[%clk
1:30:43]} 3. e5 {[%clk 1:30:49]} c5 {[%clk 1:30:36]} 4. c4 {[%clk 1:30:38]} Nc6
{[%clk 1:30:35]} 5. Nf3 {[%clk 1:29:21]} cxd4 {[%clk 1:30:20]} 6. Nxd4 {[%clk
1:29:01]} e6 {[%clk 1:30:00]} 7. Nc3 {[%clk 1:27:58]} Bb4 {[%clk 1:29:58]} 8.
Nxc6 {[%clk 1:21:58]} bxc6 {[%clk 1:29:43]} 9. cxd5 {[%clk 1:21:21]} Qxd5 {[%clk
1:22:38]} 10. Qxd5 {[%clk 1:14:23]} exd5 {[%clk 1:07:32]} 11. Bd2 {[%clk
1:13:25]} Bf5 {[%clk 0:56:06]} 12. Be2 {[%clk 1:05:56]} f6 {[%clk 0:52:18]} 13.
exf6 {[%clk 1:02:38]} Nxf6 {[%clk 0:52:36]} 14. O-O {[%clk 1:02:27]} O-O {[%clk
0:50:49]} 15. a3 {[%clk 1:00:48]} Bd6 {[%clk 0:33:28]} 16. Rac1 {[%clk 0:54:10]}
Rfe8 {[%clk 0:28:01]} 17. Ba6 {[%clk 0:46:57]} Rab8 {[%clk 0:23:26]} 18. Na4
{[%clk 0:43:24]} Ng4 {[%clk 0:17:08]} 19. h3 {[%clk 0:36:42]} Ne5 {[%clk
0:16:47]} 20. Rfd1 {[%clk 0:27:05]} Bc8 {[%clk 0:08:59]} 21. Bf1 {[%clk 0:25:14]}
Bd7 {[%clk 0:08:32]} 22. b4 {[%clk 0:19:31]} a5 {[%clk 0:07:10]} 23. bxa5 {[%clk
0:18:20]} Bxa3 {[%clk 0:07:22]} 24. Ra1 {[%clk 0:18:27]} Bd6 {[%clk 0:05:03]} 25.
Be3 {[%clk 0:16:40]} Bf5 {[%clk 0:03:36]} 26. Rdc1 {[%clk 0:08:45]} Bc7 {[%clk
0:01:26]} 27. a6 {[%clk 0:08:35]} Ra8 {[%clk 0:01:20]} 28. a7 {[%clk 0:08:14]}
Bd7 {[%clk 0:00:49]} 29. Bb6 {[%clk 0:07:01]} Bd6 {[%clk 0:00:55]} 30. Bd4 {[%clk
0:04:02]} Bc7 {[%clk 0:00:47]} 31. Rcb1 {[%clk 0:00:34]} Bxh3 {[%clk 0:00:45]}
32. Rb7 {[%clk 0:00:36]} Rec8 {[%clk 0:00:32]} 33. Bxe5 {[%clk 0:00:34]} Bxe5
{[%clk 0:00:57]} 34. Re1 {[%clk 0:00:53]} Bd4 {[%clk 0:00:32]} 35. gxh3 {[%clk
0:00:56]} Rf8 {[%clk 0:00:33]} 36. Re2 {[%clk 0:00:35]} Rxa7 {[%clk 0:00:33]} 37.
Rxa7 {[%clk 0:00:58]} Bxa7 {[%clk 0:00:58]} 38. Rd2 {[%clk 0:00:37]} Rf4 {[%clk
0:00:38]} 39. Nb2 {[%clk 0:00:48]} Rb4 {[%clk 0:00:32]} 40. Nd3 {[%clk 0:30:55]}
Rb8 {[%clk 0:30:33]} 41. Ne5 {[%clk 0:25:40]} Rc8 {[%clk 0:29:22]} 42. Bg2 {[%clk
0:25:41]} Kf8 {[%clk 0:28:29]} 43. Rc2 {[%clk 0:25:48]} Ke7 {[%clk 0:19:36]} 44.
Rxc6 {[%clk 0:24:26]} Bxf2+ {[%clk 0:19:28]} 45. Kxf2 {[%clk 0:24:53]} Rxc6
{[%clk 0:19:43]} 46. Nxc6+ {[%clk 0:25:20]} Kd6 {[%clk 0:19:51]} 47. Nb4 {[%clk
0:25:34]} d4 {[%clk 0:19:16]} 48. Nd3 {[%clk 0:25:31]} Ke6 {[%clk 0:19:14]} 49.
Be4 {[%clk 0:25:39]} h6 {[%clk 0:18:55]} 50. Kf3 {[%clk 0:25:56]} Kf6 {[%clk
0:18:59]} 51. Kf4 {[%clk 0:25:39]} g6 {[%clk 0:17:25]} 52. Ne1 {[%clk 0:24:00]}
Kf7 {[%clk 0:16:14]} 53. Nf3 {[%clk 0:24:16]} Kf6 {[%clk 0:16:34]} 54. Nxd4
{[%clk 0:22:29]} g5+ {[%clk 0:15:35]} 55. Kg4 {[%clk 0:22:46]} Ke5 {[%clk
0:15:36]} 56. Nf5 {[%clk 0:22:37]} 1-0

[Event "Greek Team Championship"]
[Site "chess24.com"]
[Date "2017.07.04"]
[Round "3"]
[White "Magoulas, Dionysios"]
[Black "Simitzoglou, Panagiotis"]
[Result "0-1"]
[Board "10"]
[WhiteElo "1161"]
[WhiteCountry "GRE"]
[WhiteFideId "25805878"]
[WhiteEloChange "-3"]
[BlackElo "1445"]
[BlackCountry "GRE"]
[BlackFideId "4299990"]
[BlackEloChange "3"]

1. d4 {[%clk 1:30:57]} e6 {[%clk 1:30:56]} 2. c4 {[%clk 1:31:20]} Nf6 {[%clk
1:31:18]} 3. Nc3 {[%clk 1:31:25]} Bb4 {[%clk 1:31:19]} 4. e3 {[%clk 1:31:29]}
Bxc3+ {[%clk 1:31:22]} 5. bxc3 {[%clk 1:31:04]} O-O {[%clk 1:31:45]} 6. Bd3
{[%clk 1:29:32]} d6 {[%clk 1:31:29]} 7. Nf3 {[%clk 1:29:09]} Nbd7 {[%clk
1:31:34]} 8. O-O {[%clk 1:29:23]} Re8 {[%clk 1:31:33]} 9. Re1 {[%clk 1:27:21]} e5
{[%clk 1:31:15]} 10. e4 {[%clk 1:26:19]} h6 {[%clk 1:29:25]} 11. Qc2 {[%clk
1:24:31]} Nf8 {[%clk 1:26:28]} 12. h3 {[%clk 1:23:50]} Ng6 {[%clk 1:26:14]} 13.
Rb1 {[%clk 1:20:28]} b6 {[%clk 1:23:28]} 14. Bd2 {[%clk 1:08:21]} Nh5 {[%clk
1:21:40]} 15. Be3 {[%clk 0:59:55]} Qf6 {[%clk 1:20:49]} 16. dxe5 {[%clk 0:57:00]}
dxe5 {[%clk 1:20:20]} 17. Kh1 {[%clk 0:51:52]} Bxh3 {[%clk 1:18:27]} 18. Nh2
{[%clk 0:28:16]} Be6 {[%clk 1:16:42]} 19. g3 {[%clk 0:26:58]} Qe7 {[%clk
1:14:06]} 20. Bf1 {[%clk 0:25:51]} Rf8 {[%clk 1:11:31]} 21. Qe2 {[%clk 0:25:44]}
Nf6 {[%clk 1:11:49]} 22. Bg2 {[%clk 0:25:56]} Ne8 {[%clk 1:10:49]} 23. Nf1 {[%clk
0:22:31]} f6 {[%clk 1:09:16]} 24. Nd2 {[%clk 0:22:20]} c5 {[%clk 1:09:25]} 25.
Red1 {[%clk 0:21:01]} Nd6 {[%clk 1:08:59]} 26. a3 {[%clk 0:20:09]} Qf7 {[%clk
1:08:57]} 27. Bf1 {[%clk 0:19:24]} Rad8 {[%clk 1:07:26]} 28. Rdc1 {[%clk
0:17:09]} Ne7 {[%clk 1:07:00]} 29. Rd1 {[%clk 0:16:54]} Nc6 {[%clk 1:07:03]} 30.
Ra1 {[%clk 0:13:29]} Na5 {[%clk 1:07:26]} 31. Rab1 {[%clk 0:13:23]} Naxc4 {[%clk
1:07:17]} 32. Nxc4 {[%clk 0:13:22]} Bxc4 {[%clk 1:07:32]} 33. Qf3 {[%clk
0:13:23]} Bxf1 {[%clk 1:07:51]} 34. Rxf1 {[%clk 0:13:36]} Qc4 {[%clk 1:07:44]}
35. Rfc1 {[%clk 0:12:24]} Qxe4 {[%clk 1:08:00]} 36. Qxe4 {[%clk 0:12:42]} Nxe4
{[%clk 1:08:26]} 37. Kg2 {[%clk 0:12:31]} Nd2 {[%clk 1:08:37]} 38. Rb2 {[%clk
0:11:29]} Nc4 {[%clk 1:09:01]} 39. Ra2 {[%clk 0:11:40]} Nxe3+ {[%clk 1:09:18]}
40. fxe3 {[%clk 0:42:02]} Rd3 {[%clk 1:39:38]} 41. Kf3 {[%clk 0:42:22]} Kf7
{[%clk 1:39:43]} 42. Ke2 {[%clk 0:40:31]} Rfd8 {[%clk 1:40:05]} 43. Rac2 {[%clk
0:40:39]} Ke6 {[%clk 1:39:53]} 44. g4 {[%clk 0:40:53]} Kf7 {[%clk 1:39:48]} 45.
Kf3 {[%clk 0:40:52]} Rd2 {[%clk 1:39:21]} 46. Rxd2 {[%clk 0:40:34]} Rxd2 {[%clk
1:39:45]} 47. Ke4 {[%clk 0:39:47]} Kg6 {[%clk 1:39:43]} 48. Kf3 {[%clk 0:38:35]}
Ra2 {[%clk 1:40:03]} 49. Rd1 {[%clk 0:38:45]} Rxa3 {[%clk 1:40:10]} 50. Rd7
{[%clk 0:38:39]} Rxc3 {[%clk 1:39:50]} 51. Rxa7 {[%clk 0:38:56]} b5 {[%clk
1:40:06]} 52. Rb7 {[%clk 0:38:54]} b4 {[%clk 1:40:30]} 53. Rb5 {[%clk 0:39:14]}
b3 {[%clk 1:40:46]} 54. Ke2 {[%clk 0:38:50]} c4 {[%clk 1:40:52]} 55. Kd2 {[%clk
0:38:46]} Rc2+ {[%clk 1:41:19]} 56. Kd1 {[%clk 0:38:56]} Kg5 {[%clk 1:41:22]} 57.
Rb7 {[%clk 0:39:10]} g6 {[%clk 1:41:13]} 58. Rb6 {[%clk 0:39:30]} Rg2 {[%clk
1:41:32]} 59. Rb4 {[%clk 0:39:45]} Rxg4 {[%clk 1:41:49]} 60. Kd2 {[%clk 0:38:49]}
h5 {[%clk 1:42:04]} 61. Kc3 {[%clk 0:38:39]} h4 {[%clk 1:42:24]} 62. Ra4 {[%clk
0:38:39]} b2 {[%clk 1:42:44]} 63. Kxb2 {[%clk 0:38:17]} c3+ {[%clk 1:43:10]} 64.
Kb3 {[%clk 0:38:42]} Rxa4 {[%clk 1:43:33]} 65. Kxa4 {[%clk 0:38:48]} c2 {[%clk
1:44:01]} 0-1

[Event "Greek Team Championship"]
[Site "chess24.com"]
[Date "2017.07.04"]
[Round "3"]
[White "Macieja, Bartlomiej"]
[Black "Kelires, Andreas"]
[Result "1/2-1/2"]
[Board "1"]
[WhiteElo "2537"]
[WhiteTitle "GM"]
[WhiteCountry "POL"]
[WhiteFideId "1104306"]
[BlackElo "2509"]
[BlackTitle "GM"]
[BlackCountry "GRE"]
[BlackFideId "5900727"]

1. d4 {[%clk 1:30:57]} Nf6 {[%clk 1:30:55]} 2. c4 {[%clk 1:31:15]} e6 {[%clk
1:31:20]} 3. Nf3 {[%clk 1:31:41]} Bb4+ {[%clk 1:31:39]} 4. Bd2 {[%clk 1:32:06]}
Qe7 {[%clk 1:31:08]} 5. g3 {[%clk 1:32:28]} Bxd2+ {[%clk 1:31:24]} 6. Qxd2 {[%clk
1:32:52]} Nc6 {[%clk 1:31:51]} 7. b3 {[%clk 1:32:54]} O-O {[%clk 1:29:44]} 8. Bg2
{[%clk 1:33:22]} d5 {[%clk 1:21:51]} 9. O-O {[%clk 1:33:16]} Rd8 {[%clk 1:17:10]}
10. Qe3 {[%clk 0:49:07]} b6 {[%clk 1:01:03]} 11. Nc3 {[%clk 0:33:36]} Bb7 {[%clk
0:56:38]} 12. cxd5 {[%clk 0:23:58]} Nxd5 {[%clk 0:55:47]} 13. Nxd5 {[%clk
0:24:17]} exd5 {[%clk 0:56:13]} 14. Qxe7 {[%clk 0:23:58]} Nxe7 {[%clk 0:56:39]}
15. Rfc1 {[%clk 0:23:25]} c6 {[%clk 0:55:22]} 16. a4 {[%clk 0:13:46]} a5 {[%clk
0:48:14]} 17. Rab1 {[%clk 0:13:22]} Ba6 {[%clk 0:48:11]} 18. Bf1 {[%clk 0:13:13]}
f6 {[%clk 0:43:12]} 19. b4 {[%clk 0:11:18]} b5 {[%clk 0:43:37]} 20. axb5 {[%clk
0:09:23]} Bxb5 {[%clk 0:43:55]} 21. bxa5 {[%clk 0:09:14]} Rxa5 {[%clk 0:44:16]}
22. e3 {[%clk 0:08:33]} Bxf1 {[%clk 0:44:09]} 23. Kxf1 {[%clk 0:09:01]} Rda8
{[%clk 0:43:41]} 24. Ne1 {[%clk 0:08:27]} Ra3 {[%clk 0:40:34]} 25. g4 {[%clk
0:03:29]} Kf7 {[%clk 0:39:35]} 26. Rb7 {[%clk 0:03:06]} Ke6 {[%clk 0:38:42]} 27.
Rcb1 {[%clk 0:02:06]} g5 {[%clk 0:28:25]} 28. Ke2 {[%clk 0:00:43]} Ra2+ {[%clk
0:27:03]} 29. Kf3 {[%clk 0:01:12]} R2a3 {[%clk 0:22:16]} 30. Ke2 {[%clk 0:01:38]}
Ra2+ {[%clk 0:22:21]} 31. Kf3 {[%clk 0:02:06]} R2a3 {[%clk 0:22:41]} 32. Kg2
{[%clk 0:00:34]} Rc3 {[%clk 0:20:04]} 33. R1b2 {[%clk 0:00:35]} h6 {[%clk
0:19:45]} 34. Rc7 {[%clk 0:00:37]} Rc8 {[%clk 0:18:03]} 35. Ra7 {[%clk 0:00:58]}
Re8 {[%clk 0:10:03]} 36. Nc2 {[%clk 0:00:35]} f5 {[%clk 0:08:56]} 37. gxf5+
{[%clk 0:00:31]} Nxf5 {[%clk 0:09:18]} 38. Nb4 {[%clk 0:00:48]} Rb8 {[%clk
0:08:52]} 39. Raa2 {[%clk 0:00:34]} Rb5 {[%clk 0:07:17]} 40. Na6 {[%clk 0:30:37]}
Rxb2 {[%clk 0:36:34]} 41. Rxb2 {[%clk 0:31:03]} Nh4+ {[%clk 0:31:50]} 42. Kf1
{[%clk 0:16:27]} Nf3 {[%clk 0:27:12]} 43. Kg2 {[%clk 0:15:50]} Nh4+ {[%clk
0:24:49]} 44. Kf1 {[%clk 0:16:19]} Nf3 {[%clk 0:20:24]} 45. Kg2 {[%clk 0:16:48]}
Nh4+ {[%clk 0:20:45]} 1/2-1/2

[Event "Greek Team Championship"]
[Site "chess24.com"]
[Date "2017.07.04"]
[Round "3"]
[White "Vlahos, Kiriakos"]
[Black "Moutousis, Konstantinos"]
[Result "1-0"]
[Board "2"]
[WhiteElo "2294"]
[WhiteTitle "FM"]
[WhiteCountry "GRE"]
[WhiteFideId "4200594"]
[WhiteEloChange "13"]
[BlackElo "2413"]
[BlackTitle "IM"]
[BlackCountry "GRE"]
[BlackFideId "4200071"]
[BlackEloChange "-7"]

1. c4 {[%clk 1:30:41]} g6 {[%clk 1:27:11]} 2. g3 {[%clk 1:29:41]} Bg7 {[%clk
1:26:36]} 3. Bg2 {[%clk 1:30:06]} Nf6 {[%clk 1:22:02]} 4. Nc3 {[%clk 1:30:13]}
O-O {[%clk 1:22:20]} 5. Nf3 {[%clk 1:28:49]} d5 {[%clk 1:12:57]} 6. cxd5 {[%clk
1:28:59]} Nxd5 {[%clk 1:13:22]} 7. Nxd5 {[%clk 1:29:23]} Qxd5 {[%clk 1:13:49]} 8.
O-O {[%clk 1:29:48]} Nc6 {[%clk 1:12:25]} 9. d3 {[%clk 1:29:47]} Qb5 {[%clk
1:09:04]} 10. a4 {[%clk 1:17:24]} Qh5 {[%clk 0:52:24]} 11. Rb1 {[%clk 1:15:29]}
a5 {[%clk 0:51:01]} 12. Bd2 {[%clk 1:10:13]} h6 {[%clk 0:42:09]} 13. Re1 {[%clk
1:10:14]} Be6 {[%clk 0:35:58]} 14. Bc3 {[%clk 1:10:20]} Rfd8 {[%clk 0:36:17]} 15.
Qd2 {[%clk 1:04:07]} f6 {[%clk 0:30:08]} 16. Qf4 {[%clk 1:00:14]} Rd6 {[%clk
0:27:45]} 17. Nd2 {[%clk 0:59:33]} g5 {[%clk 0:26:46]} 18. Qe3 {[%clk 0:58:41]}
Bf7 {[%clk 0:25:39]} 19. Ne4 {[%clk 0:56:06]} Re6 {[%clk 0:24:00]} 20. Qf3 {[%clk
0:51:27]} b6 {[%clk 0:22:02]} 21. g4 {[%clk 0:46:07]} Qg6 {[%clk 0:21:44]} 22.
Ng3 {[%clk 0:46:10]} Rd8 {[%clk 0:21:08]} 23. Nf5 {[%clk 0:45:33]} Bf8 {[%clk
0:20:10]} 24. Qg3 {[%clk 0:45:41]} Rd7 {[%clk 0:19:08]} 25. Rbd1 {[%clk 0:42:14]}
h5 {[%clk 0:15:06]} 26. Be4 {[%clk 0:41:44]} Rxe4 {[%clk 0:13:33]} 27. dxe4
{[%clk 0:42:04]} Rxd1 {[%clk 0:13:25]} 28. Rxd1 {[%clk 0:42:28]} e6 {[%clk
0:13:51]} 29. Qxc7 {[%clk 0:40:38]} Be8 {[%clk 0:11:33]} 30. gxh5 {[%clk
0:38:16]} Qxh5 {[%clk 0:11:50]} 31. Ng3 {[%clk 0:38:40]} Qg6 {[%clk 0:12:11]} 32.
Qc8 {[%clk 0:31:15]} Kf7 {[%clk 0:11:41]} 33. Qb7+ {[%clk 0:29:25]} Kg8 {[%clk
0:11:37]} 34. Qxb6 {[%clk 0:28:56]} f5 {[%clk 0:12:01]} 35. exf5 {[%clk 0:26:06]}
exf5 {[%clk 0:12:27]} 36. f3 {[%clk 0:19:21]} Be7 {[%clk 0:12:18]} 37. Qb3+
{[%clk 0:16:51]} Kh7 {[%clk 0:10:33]} 38. Qc2 {[%clk 0:17:04]} f4 {[%clk
0:09:14]} 39. Qxg6+ {[%clk 0:15:22]} Kxg6 {[%clk 0:09:37]} 40. Ne4 {[%clk
0:45:36]} Bf7 {[%clk 0:40:04]} 41. Rd7 {[%clk 0:43:25]} Bb3 {[%clk 0:39:58]} 42.
Bxa5 {[%clk 0:42:39]} Bxa4 {[%clk 0:40:10]} 43. Bc3 {[%clk 0:42:32]} Kf5 {[%clk
0:38:50]} 44. h3 {[%clk 0:41:38]} Ke6 {[%clk 0:35:08]} 45. Rb7 {[%clk 0:39:13]}
Bc2 {[%clk 0:34:14]} 46. Rb5 {[%clk 0:38:23]} Ba4 {[%clk 0:33:36]} 47. Nxg5+
{[%clk 0:37:07]} Kd7 {[%clk 0:34:01]} 48. Rd5+ {[%clk 0:37:28]} Kc8 {[%clk
0:34:25]} 49. Ne4 {[%clk 0:37:18]} Bb3 {[%clk 0:34:40]} 50. Rf5 {[%clk 0:35:42]}
Be6 {[%clk 0:35:03]} 51. Rxf4 {[%clk 0:36:06]} Bxh3 {[%clk 0:35:31]} 52. Rf7
{[%clk 0:34:50]} Be6 {[%clk 0:35:51]} 53. Rg7 {[%clk 0:34:32]} Bd5 {[%clk
0:35:41]} 54. Kg2 {[%clk 0:34:31]} Ba2 {[%clk 0:35:54]} 55. Ng3 {[%clk 0:33:41]}
Kd8 {[%clk 0:34:09]} 56. Nf5 {[%clk 0:33:57]} Bf8 {[%clk 0:34:02]} 57. Rh7 {[%clk
0:34:01]} Ke8 {[%clk 0:34:00]} 58. e4 {[%clk 0:34:15]} Nd8 {[%clk 0:33:31]} 59.
Ra7 {[%clk 0:34:27]} Be6 {[%clk 0:33:38]} 60. Ng7+ {[%clk 0:34:34]} 1-0